Techniques of teaching Social Science (Record no. 3852)

MARC details
000 -LEADER
fixed length control field 00403nam a22001457a 4500
008 - FIXED-LENGTH DATA ELEMENTS--GENERAL INFORMATION
fixed length control field 250617b |||||||| |||| 00| 0 eng d
020 ## - INTERNATIONAL STANDARD BOOK NUMBER
ISBN 818411060X
100 ## - MAIN ENTRY--AUTHOR
Author Reddy Pitchiu Mallela
245 ## - TITLE STATEMENT
Title Techniques of teaching Social Science
260 ## - PUBLICATION, DISTRIBUTION, ETC. (IMPRINT)
Place of publication New Delhi
Name of publisher Sachin Printers Delhi
Date of publication 2019
300 ## - COLLATION
Pagination 236p
650 ## - TRACINGS
Main Subject Social Sciences - Study and teaching
942 ## - ADDED ENTRY ELEMENTS (KOHA)
Item type Books
050 ## - LIBRARY OF CONGRESS CALL NUMBER
Classification number H 62.A5
Item number .R43
Holdings
Source of classification or shelving scheme Not for loan Permanent location Current location Date acquired Accession No. Full call number Barcode. Koha item type
Library of Congress Classification   Samuel Ogbemudia Main Library, University of Abuja Samuel Ogbemudia Main Library, University of Abuja 06/17/2025 2023/61860 H 62.A5 .R43 2025-2526 Books